| 000 | 00417nam a22001577a 4500 | ||
|---|---|---|---|
| 005 | 20240724121223.0 | ||
| 008 | 160527b xxu||||| |||| 00| 0 eng d | ||
| 020 | _a9781118782668 | ||
| 040 | _cPK-LaUMT | ||
| 082 |
_a621.3815 _bKAR-A |
||
| 100 |
_aKarl D. Stephan _91020 |
||
| 245 |
_aAnalog and mixed signal electronics / _cby Karl D. Stephan |
||
| 260 |
_aNew Jersy _bWiley _c2015 |
||
| 300 | _a519 p. | ||
| 942 | _cBK | ||
| 999 |
_c86082 _d86082 |
||